Les plus grandes villes françaises en deux mots - Statistiques

Statistiques générales
  • Ce quiz a été pris 200 fois
  • Le résultat moyen est 7 sur 14
Statistiques - réponses
Population (2016) Ville française en deux mots % Correct
171,924 Saint-Etienne
88%
111,354 Saint-Denis
80%
147,920 Saint-Denis (La Réunion)
79%
170,352 Le Havre
76%
142,686 Clermont-Ferrand
65%
142,991 Le Mans
60%
75,736 La Rochelle
59%
69,719 Saint-Nazaire
55%
119,645 Boulogne-Billancourt
49%
105,482 Saint-Paul (La Réunion)
45%
77,283 Le Tampon (La Réunion)
32%
63,462 Levallois-Perret
24%
78,195 Rueil-Malmaison
20%
68,090 Evry-Courcouronnes
10%
Aucun quiz correspondant
Distribution des résultats
% des personnes avec chaque résultat
Percentile par nombre de réponses
Votre historique - résultats
Vous n’avez pas pris ce quiz